000 00494nam a2200181Ia 4500
005 20250326143557.0
008 250326s9999 xx 000 0 und d
037 _aTextbook
040 _aFMSL
_beng
_cFMSL
041 _aeng
_2eng
084 _aT:5oa(X) N5
_qFMSL
100 _aAIMATS
_9748219
245 0 _aMAT : Management Aptitude Test
_cAIMATS
260 _aIndia
_bIndia, Global Business
_c1995
300 _a296p
942 _cTB
_hT:5oa(X) N5
999 _c1300136
_d1300136